Estadísticas para Prueba de Mongolia

Haz click aquí para tomar la prueba!

Estadísticas generales

  • Esta prueba ha sido tomada 171 veces
  • La puntuación promedio es 11 de 20

Estadísticas de respuestas

PistaRespuesta% Correcto
Capital de MongoliaUlán Bator
98%
Gran desierto que se encuentra en Mongolia y ChinaGobi
92%
Fundador del Imperio Mongol{Gengis} Kan
88%
La religión que es practicada por la mitad de la población mongolaBudismo
82%
País con el que Mongolia casi limitaKazajistán
81%
Ideología del Estado de Mongolia de 1924 a 1992{Comun}ismo
78%
Animal que es un símbolo de Mongolia, y tiene una población
en Mongolia que supera ligeramente a la población humana
Caballo
76%
Tipo de águila que se utiliza para la caza en Mongolia occidentalÁguila {Real}
50%
Región china que limita con Mongolia orientalMongolia {Interior}
50%
Término para las vastas praderas de Asia, que incluye gran parte de MongoliaEstepa
48%
Tipo de vivienda portátil que utiliza el pueblo nómada de MongoliaGer | Yurta
48%
Kan mongol que conquistó China en 1279{Kublai} Kan
41%
La ciudad moderna que fue la última capital del Imperio MongolPekín
37%
Sector de la economía de Mongolia que es responsable del 80% de sus exportacionesMinería
31%
La dinastía china que establecióYuan
28%
Su nombre de nacimientoTemüjin
26%
Moneda de MongoliaTugrik
25%
La cordillera que se encuentra en el extremo occidental de MongoliaAltai
24%
Tipo de camello, con dos jorobas, que se puede encontrar en MongoliaBactriano
24%
La traducción al español de la capitalHéroe rojo
21%

Distribución de puntuación

Porcentaje por número respondido

Porcentaje de gente con cada puntuación

Historial de tus puntuaciones

No has tomado esta prueba